[Event "Titled Tue 26th Aug Early"]
[Site "chess.com INT"]
[Date "2025.08.26"]
[Round "4"]
[White "Buscar, Michael"]
[Black "Harriott, Tyrell"]
[Result "1-0"]
[WhiteElo "2015"]
[BlackElo "1933"]
[WhiteFideId "2603616"]
[BlackFideId "2086484"]
[EventDate "2025.08.26"]

1. d4 d6 2. c4 Nf6 3. Nc3 Nbd7 4. Nf3 e5 5. e4 Be7 6. Be2 O-O 7. d5 Re8 8. h3
Nf8 9. Be3 Ng6 10. Qd2 h6 11. O-O-O Nh7 12. g4 Bg5 13. Nxg5 hxg5 14. Kb1 Nf4 15.
Bxf4 gxf4 16. h4 a6 17. f3 Bd7 18. Bd3 Rb8 19. Qf2 b5 20. c5 b4 21. Ne2 Bb5 22.
Nc1 Qe7 23. c6 Bxd3+ 24. Nxd3 Rb6 25. Rdg1 a5 26. g5 Nf8 27. h5 a4 28. Qh4 b3
29. a3 Qd8 30. Nf2 Qc8 31. Ng4 Qa6 32. h6 Ng6 33. Qh3 Qd3+ 34. Ka1 Kf8 35. hxg7+
Ke7 36. Nf6 Rd8 37. g8=Q Rxg8 38. Qd7+ Kf8 39. Qe8+ 1-0

[Event "Titled Tue 26th Aug Early"]
[Site "chess.com INT"]
[Date "2025.08.26"]
[Round "4"]
[White "Romero Ruscalleda, Josep"]
[Black "Huschenbeth, Niclas"]
[Result "0-1"]
[WhiteTitle "FM"]
[BlackTitle "GM"]
[WhiteElo "2110"]
[BlackElo "2591"]
[WhiteFideId "2231859"]
[BlackFideId "24604747"]
[EventDate "2025.08.26"]

1. e4 c5 2. c3 Nf6 3. e5 Nd5 4. Nf3 d6 5. Bc4 dxe5 6. Nxe5 e6 7. Qf3 Qc7 8. Ng4
Nc6 9. O-O h5 10. Ne3 Ne5 11. Qe2 Nf4 12. Qd1 Qc6 13. d4 Nxc4 14. d5 Nxe3 15.
dxc6 Nxd1 16. Rxd1 Ne2+ 17. Kf1 Nxc1 18. cxb7 Bxb7 19. Rxc1 Be7 20. Nd2 Ba6+ 21.
Ke1 Rb8 22. b3 Bg5 23. Rd1 Bxd2+ 24. Rxd2 Ke7 25. c4 Rhd8 26. Re2 Bb7 27. f3 f6
28. Kf2 Rd3 29. Rae1 Rbd8 30. Rxe6+ Kf8 31. Re7 Rd2+ 32. Kg3 R2d7 33. R7e2 Rd2
34. Re7 R8d7 35. Re8+ Kf7 36. Rh8 Kg6 37. Kh3 Rxa2 38. g4 Bxf3 39. gxh5+ Kf5 40.
Kg3 Rd3 41. Rf1 Rg2+ 42. Kh3 Rg5 43. h6 gxh6 44. Rxh6 Ke5 45. Re1+ Be2+ 46. Kh4
Rg4+ 47. Kh5 Rh3# 0-1

[Event "Titled Tue 26th Aug Early"]
[Site "chess.com INT"]
[Date "2025.08.26"]
[Round "4"]
[White "Le, Tuan Minh"]
[Black "Bologan, Victor"]
[Result "1-0"]
[WhiteTitle "GM"]
[BlackTitle "GM"]
[WhiteElo "2598"]
[BlackElo "2601"]
[WhiteFideId "12401153"]
[BlackFideId "13900048"]
[EventDate "2025.08.26"]

1. d4 d6 2. Nf3 Nf6 3. g3 g6 4. Bg2 Bg7 5. O-O O-O 6. c4 Nc6 7. d5 Na5 8. Na3 c5
9. Re1 a6 10. e4 Bg4 11. Rb1 Nd7 12. h3 Bxf3 13. Qxf3 Rb8 14. Qe2 e6 15. Bd2 Re8
16. Qf1 b6 17. b3 exd5 18. exd5 Qf6 19. Nc2 Nb7 20. Ne3 h5 21. Re2 Ne5 22. f4
Nd3 23. h4 Re7 24. Nc2 Nb4 25. Nxb4 cxb4 26. Rxe7 Qxe7 27. Re1 Qf6 28. Bxb4 Nc5
29. Qe2 Qd4+ 30. Kh2 a5 31. Bd2 a4 32. b4 Nd3 33. Rd1 Nb2 34. Rc1 Nd3 35. Rc2
Nf2 36. Bf3 Ng4+ 37. Bxg4 hxg4 38. Be3 Qe4 39. Bf2 Qf5 40. a3 Bf6 41. Rd2 Kf8
42. Qd3 Qxd3 43. Rxd3 Rc8 44. Bd4 Ke7 45. Re3+ Kd7 46. Bxf6 Rxc4 47. Re7+ 1-0

[Event "Titled Tue 26th Aug Early"]
[Site "chess.com INT"]
[Date "2025.08.26"]
[Round "4"]
[White "Popov, Tikhon"]
[Black "Bortnyk, Olexandr"]
[Result "0-1"]
[WhiteTitle "FM"]
[BlackTitle "GM"]
[WhiteElo "2335"]
[BlackElo "2601"]
[WhiteFideId "24252026"]
[BlackFideId "14120828"]
[EventDate "2025.08.26"]

1. e4 c5 2. Nf3 e6 3. d4 cxd4 4. Nxd4 Nc6 5. Nc3 Qc7 6. Be3 a6 7. g4 Bb4 8. Nxc6
Bxc3+ 9. bxc3 dxc6 10. Rb1 Nf6 11. Bb6 Qe7 12. e5 Nd5 13. Bd4 c5 14. c4 cxd4 15.
cxd5 Qc5 16. Bg2 exd5 17. O-O O-O 18. Rb3 Re8 19. Re1 Be6 20. Rxb7 Rac8 21. g5
Qc3 22. Rb3 Qa5 23. a3 Rxc2 24. Rf1 Rc3 25. Rb4 d3 26. Rd4 Qxa3 27. Qd2 g6 28.
Rd1 Bf5 29. Rxd5 Rc2 30. Qf4 Re2 31. Bf1 Qb3 0-1

[Event "Titled Tue 26th Aug Early"]
[Site "chess.com INT"]
[Date "2025.08.26"]
[Round "4"]
[White "Gustafsson, Jan"]
[Black "Gibala, Adam"]
[Result "0-1"]
[WhiteTitle "GM"]
[BlackTitle "FM"]
[WhiteElo "2591"]
[BlackElo "2300"]
[WhiteFideId "4625498"]
[BlackFideId "21070288"]
[EventDate "2025.08.26"]

1. c4 Nf6 2. Nc3 e6 3. Nf3 d5 4. e3 Be7 5. b3 O-O 6. Bb2 b6 7. cxd5 exd5 8. d4
Bb7 9. Bd3 Nbd7 10. O-O c5 11. Rc1 Ne4 12. dxc5 Ndxc5 13. Bb1 Bf6 14. Nd4 Rc8
15. Re1 Qd7 16. Nce2 Rfd8 17. f3 Ng5 18. Nf4 Nge6 19. Nh5 Be5 20. f4 Bxd4 21.
Bxd4 Nxd4 22. Qxd4 f6 23. Red1 Qf7 24. Ng3 Re8 25. Nf5 Rcd8 26. Rxc5 bxc5 27.
Qxc5 Qe6 28. Re1 Qb6 29. Qc2 g6 30. Nd4 Rc8 31. Qd2 Kg7 32. h4 Re7 33. h5 Rce8
34. Qd3 f5 35. Kf2 Ba6 36. Qc3 Kg8 37. hxg6 hxg6 38. a4 Qf6 39. Qc5 Qh4+ 40. g3
Qh2+ 41. Kf3 Rxe3+ 42. Rxe3 Qh1+ 43. Kf2 Qf1# 0-1

[Event "Titled Tue 26th Aug Early"]
[Site "chess.com INT"]
[Date "2025.08.26"]
[Round "4"]
[White "Nandish V S"]
[Black "Mesquita, Eduardo Barbosa"]
[Result "1-0"]
[WhiteTitle "CM"]
[WhiteElo "2251"]
[BlackElo "2060"]
[WhiteFideId "45084297"]
[BlackFideId "22757163"]
[EventDate "2025.08.26"]

1. d4 d5 2. c3 Nf6 3. Nf3 c5 4. dxc5 Qc7 5. b4 e5 6. e3 a5 7. a3 axb4 8. cxb4
Nc6 9. Bb2 Bg4 10. Be2 e4 11. Nd4 Bxe2 12. Qxe2 Ne5 13. O-O Nfg4 14. g3 h5 15.
f3 exf3 16. Nxf3 Nc4 17. Bd4 Ra6 18. e4 Re6 19. Ng5 Re7 20. Nc3 Qd8 21. Nxf7
Rxf7 22. exd5+ Re7 23. Qxc4 h4 24. Qb5+ Qd7 25. Qxd7+ Kxd7 26. Rae1 hxg3 27.
hxg3 Rh3 28. Rxe7+ Bxe7 29. Ne4 Rh2 30. d6 Re2 31. Rf4 Bf6 32. Bxf6 Nxf6 33.
Nxf6+ gxf6 34. Rxf6 Ra2 35. Rf7+ Ke6 36. Rc7 Kf5 37. Rf7+ Kg4 38. Rf2 Ra1+ 39.
Kg2 Rxa3 40. Rf4+ Kg5 41. Rd4 Ra2+ 42. Kh3 Ra1 43. d7 Rh1+ 44. Kg2 Rh2+ 45. Kxh2 1-0

[Event "Titled Tue 26th Aug Early"]
[Site "chess.com INT"]
[Date "2025.08.26"]
[Round "4"]
[White "Henriquez Villagra, Cristobal"]
[Black "Nepomniachtchi, Ian"]
[Result "1-0"]
[WhiteTitle "GM"]
[BlackTitle "GM"]
[WhiteElo "2592"]
[BlackElo "2742"]
[WhiteFideId "3409350"]
[BlackFideId "4168119"]
[EventDate "2025.08.26"]

1. e4 c5 2. Nf3 d6 3. d4 cxd4 4. Nxd4 Nf6 5. Nc3 a6 6. h3 e5 7. Nb3 Be6 8. Qf3
Be7 9. Bd2 O-O 10. O-O-O b5 11. Kb1 Nbd7 12. Nd5 Bxd5 13. exd5 Nb6 14. Ba5 Qb8
15. g4 Nc4 16. g5 Nd7 17. h4 Bd8 18. Qg4 Nxa5 19. Qxd7 Nxb3 20. cxb3 Bb6 21. Rc1
Ra7 22. Qf5 g6 23. Qf3 f5 24. gxf6 Raf7 25. h5 Rxf6 26. Qg4 Bd4 27. hxg6 Rxg6
28. Qh3 Qb7 29. Bd3 Rg7 30. Bf5 Kh8 31. f3 Qf7 32. Be4 Rfg8 33. a3 a5 34. Ka2 b4
35. a4 Qe7 36. Rc2 Be3 37. Rch2 Rf8 38. Bxh7 Rg5 39. Bf5+ Kg7 40. Qh7+ Kf6 41.
Rh6+ 1-0

[Event "Titled Tue 26th Aug Early"]
[Site "chess.com INT"]
[Date "2025.08.26"]
[Round "4"]
[White "Zdorov, Egor Vit"]
[Black "Ibrahimli, Murad"]
[Result "0-1"]
[WhiteTitle "CM"]
[BlackTitle "IM"]
[WhiteElo "2094"]
[BlackElo "2445"]
[WhiteFideId "55688560"]
[BlackFideId "13410229"]
[EventDate "2025.08.26"]

1. Nf3 Nf6 2. c4 g6 3. d4 Bg7 4. Nc3 d5 5. Bg5 Ne4 6. Bf4 c6 7. e3 O-O 8. Bd3
Nxc3 9. bxc3 Nd7 10. O-O dxc4 11. Bxc4 Nb6 12. Bb3 Nd5 13. Qd2 Nxf4 14. exf4 e6
15. Rfe1 a5 16. a4 b6 17. Ne5 Bb7 18. Rad1 Qc7 19. h3 Rad8 20. Qe2 Bf6 21. Ng4
Bg7 22. Ne5 c5 23. h4 Bd5 24. Bc2 cxd4 25. cxd4 Qb7 26. f3 Rc8 27. Bd3 Rc3 28.
h5 Qe7 29. hxg6 hxg6 30. Be4 Qd6 31. Bxd5 Qxd5 32. Qe4 Rd8 33. Qe2 Rb3 34. Kh2
Rb4 35. Rh1 Rxd4 36. Rxd4 Qxd4 37. Nc6 Qxf4+ 38. g3 Rd2 39. gxf4 Rxe2+ 40. Kg3
Bf6 41. Rb1 Rb2 42. Rd1 Rc2 43. Na7 Rc4 44. Rb1 Rb4 45. Rc1 Rxa4 46. Rc8+ Kg7
47. Rb8 g5 48. fxg5 Be5+ 0-1

[Event "Titled Tue 26th Aug Early"]
[Site "chess.com INT"]
[Date "2025.08.26"]
[Round "4"]
[White "Jimenez Salas, Maria Teresa"]
[Black "Oluka Robert Mcligeyo"]
[Result "1-0"]
[WhiteTitle "WIM"]
[BlackTitle "CM"]
[WhiteElo "2249"]
[BlackElo "2081"]
[WhiteFideId "3843866"]
[BlackFideId "10814647"]
[EventDate "2025.08.26"]

1. e4 e5 2. Nf3 Nc6 3. d4 exd4 4. Nxd4 Nf6 5. Nxc6 bxc6 6. Qe2 Qe7 7. Nc3 a5 8.
Qe3 g6 9. f3 Bg7 10. Bd2 O-O 11. O-O-O Re8 12. h4 d5 13. Bd3 a4 14. a3 d4 15.
Qxd4 Nd5 16. Qc4 Ba6 17. Qxc6 Nxc3 18. Bxc3 Bxd3 19. Rxd3 Bxc3 20. Qxc3 Rab8 21.
Kb1 Rb7 22. Ka1 Reb8 23. Rb1 Qxh4 24. Rd7 Qg5 25. Qc4 Qf6 26. c3 Rb3 27. Qxa4
Rxb2 28. Rxb2 Qxc3 29. Qc2 Qxa3+ 30. Kb1 Ra8 31. Qb3 Qa1+ 32. Kc2 Ra6 33. Rd8+
Kg7 34. Qc3+ Kh6 35. g4 Qf1 36. g5+ Kxg5 37. Qd2+ Kf6 38. Qf4+ Kg7 39. Qe5+ Kh6
40. Rd2 Rd6 41. Rh2+ 1-0

[Event "Titled Tue 26th Aug Early"]
[Site "chess.com INT"]
[Date "2025.08.26"]
[Round "4"]
[White "Tuguldur, Soninbayar"]
[Black "Fikiet, Alex"]
[Result "0-1"]
[WhiteTitle "CM"]
[WhiteElo "2277"]
[BlackElo "2151"]
[WhiteFideId "4921224"]
[BlackFideId "2052717"]
[EventDate "2025.08.26"]

1. d4 d6 2. Bf4 g6 3. Nc3 Bg7 4. e4 c5 5. dxc5 Qa5 6. cxd6 exd6 7. Qd2 Ne7 8.
Nf3 Nbc6 9. Be2 Bg4 10. O-O O-O 11. h3 Bxf3 12. Bxf3 Nd4 13. Be2 Rac8 14. Be3
Nxe2+ 15. Qxe2 Bxc3 16. bxc3 Qxc3 17. Rfd1 Qxc2 18. Qxc2 Rxc2 19. Rxd6 Rfc8 20.
Rd7 R2c7 21. Rad1 Nc6 22. Bh6 b5 23. f4 a5 24. e5 b4 25. R1d6 Rxd7 26. Rxd7 a4
27. e6 fxe6 28. Rg7+ Kh8 29. Rb7 Kg8 30. Bg7 b3 31. axb3 a3 32. Bb2 axb2 33. Kh1
b1=Q+ 34. Kh2 Qf5 35. g3 Qc2+ 36. Kg1 Nd4 37. Re7 Qd2 38. Re8+ Rxe8 39. b4 Rc8
40. b5 Rc1# 0-1

[Event "Titled Tue 26th Aug Early"]
[Site "chess.com INT"]
[Date "2025.08.26"]
[Round "4"]
[White "Niemann, Hans Moke"]
[Black "Iljin, Timofey"]
[Result "1-0"]
[WhiteTitle "GM"]
[BlackTitle "IM"]
[WhiteElo "2736"]
[BlackElo "2242"]
[WhiteFideId "2093596"]
[BlackFideId "14110180"]
[EventDate "2025.08.26"]

1. e4 e6 2. d4 d5 3. e5 c5 4. c3 Nc6 5. Nf3 Bd7 6. g3 f6 7. Bg2 Qc7 8. O-O O-O-O
9. Re1 fxe5 10. Nxe5 Nxe5 11. Bf4 Bd6 12. dxe5 Be7 13. c4 dxc4 14. Na3 g5 15.
Be3 Bc6 16. Qg4 Bxg2 17. Qxe6+ Qd7 18. Qxd7+ Kxd7 19. e6+ Kc6 20. Kxg2 b5 21.
Nb1 g4 22. a4 a6 23. axb5+ axb5 24. Nc3 b4 25. Ne4 Nf6 26. Ra6+ Kb7 27. Rea1 Ra8
28. Rxa8 Rxa8 29. Rxa8 Kxa8 30. Nxf6 c3 31. bxc3 b3 32. Ne4 b2 33. Nd2 Kb7 34.
Kf1 Kc6 35. c4 Kd6 36. Ke2 Kxe6 37. Kd3 Kf5 38. Kc2 h5 39. Kxb2 h4 40. Kb3 h3
41. Ka4 Bf6 42. Kb3 Bd4 43. Bxd4 cxd4 44. Kc2 1-0

[Event "Titled Tue 26th Aug Early"]
[Site "chess.com INT"]
[Date "2025.08.26"]
[Round "4"]
[White "Kravtsiv, Martyn"]
[Black "Karttunen, Mika"]
[Result "1-0"]
[WhiteTitle "GM"]
[BlackTitle "IM"]
[WhiteElo "2598"]
[BlackElo "2490"]
[WhiteFideId "14113147"]
[BlackFideId "502081"]
[EventDate "2025.08.26"]

1. e4 c5 2. Nc3 d6 3. f4 g6 4. Nf3 Bg7 5. Bb5+ Bd7 6. Bc4 e6 7. O-O a6 8. d3 b5
9. Bb3 Ne7 10. f5 gxf5 11. Ng5 h6 12. Nxf7 Kxf7 13. exf5 Bd4+ 14. Kh1 Nxf5 15.
Rxf5+ Ke7 16. Qe2 Qg8 17. Nd5+ Kd8 18. Nb6 c4 19. Nxa8 exf5 20. dxc4 Qg4 21.
Qxg4 fxg4 22. c3 Be5 23. Nb6 Bc6 24. Be3 Nd7 25. cxb5 axb5 26. Bd5 Kc7 27. Bxc6
Kxc6 28. Nxd7 Kxd7 29. a3 h5 30. Kg1 h4 31. Rf1 Re8 32. Bd2 g3 33. h3 d5 34. Bg5
d4 35. Bxh4 dxc3 36. bxc3 Rc8 37. Rf3 Rg8 38. Kf1 Ke6 39. Ke2 Kd5 40. Kd3 Rc8
41. Kc2 Rg8 42. Kb3 Ke4 43. Kb4 Bd6+ 44. Kxb5 Bxa3 45. Rxg3 Rb8+ 46. Kc4 Rc8+
47. Kb3 Bd6 48. Rg4+ Kd3 49. Rd4+ 1-0

[Event "Titled Tue 26th Aug Early"]
[Site "chess.com INT"]
[Date "2025.08.26"]
[Round "4"]
[White "Khumalo, Keith"]
[Black "Cupid, Kevin"]
[Result "1-0"]
[WhiteTitle "CM"]
[BlackTitle "FM"]
[WhiteElo "2167"]
[BlackElo "2178"]
[WhiteFideId "14319470"]
[BlackFideId "7700512"]
[EventDate "2025.08.26"]

1. d4 Nf6 2. c4 e6 3. g3 Bb4+ 4. Nd2 b6 5. Bg2 d5 6. Qa4+ Bd7 7. Qxb4 a5 8. Qc3
Nc6 9. a3 a4 10. Ngf3 O-O 11. O-O h6 12. Rd1 Na5 13. cxd5 Nxd5 14. Qc2 Bb5 15.
e4 Nf6 16. d5 exd5 17. Nd4 c6 18. exd5 Nxd5 19. Nxb5 cxb5 20. Nc4 Qc7 21. Bxd5
Nxc4 22. Bxh6 Rac8 23. Bf4 Qe7 24. Qf5 Rc5 25. Re1 Qd8 26. Rad1 Qc8 27. Qh5 Nxb2
28. Re7 Rxd5 29. Rxd5 Qc2 30. Rdd7 Nd3 31. Qf3 Qb1+ 32. Kg2 Ne1+ 33. Rxe1 Qxe1
34. Bd6 Qd2 35. Qc6 Re8 36. Bf4 Qe2 37. Rd2 Qe7 38. Rd7 Qe2 39. Rd2 Qe7 40. Bd6
Qe6 41. Qxb6 1-0

[Event "Titled Tue 26th Aug Early"]
[Site "chess.com INT"]
[Date "2025.08.26"]
[Round "4"]
[White "Belov, Alexei"]
[Black "Alcazar Jimenez, Jesus Alberto"]
[Result "1-0"]
[WhiteTitle "IM"]
[BlackTitle "FM"]
[WhiteElo "2421"]
[BlackElo "2172"]
[WhiteFideId "4128206"]
[BlackFideId "2209756"]
[EventDate "2025.08.26"]

1. e4 c5 2. Nf3 e6 3. d4 cxd4 4. Nxd4 Nf6 5. Nc3 Nc6 6. Ndb5 Bc5 7. Nd6+ Ke7 8.
Bf4 e5 9. Nf5+ Kf8 10. Bg5 Bb4 11. Ne3 h6 12. Bxf6 Qxf6 13. Nd5 Bxc3+ 14. Nxc3
d6 15. Qd2 Nd4 16. Nb5 Nxb5 17. Bxb5 Ke7 18. O-O Be6 19. Ba4 Rhd8 20. Bb3 Kf8
21. f4 Bxb3 22. axb3 exf4 23. Qxf4 Qxf4 24. Rxf4 Ke7 25. c4 f6 26. Rf5 Ke6 27.
Kf2 a6 28. Ke3 Rac8 29. Rd5 Rc5 30. Rad1 Rxd5 31. Rxd5 Rb8 32. b4 b5 33. c5 dxc5
34. bxc5 a5 35. Kd4 Rc8 36. Rd6+ Ke7 37. Kd5 b4 38. c6 a4 39. Rd7+ Ke8 40. Rxg7
a3 41. bxa3 bxa3 42. Rg8+ Ke7 43. Rxc8 1-0

[Event "Titled Tue 26th Aug Early"]
[Site "chess.com INT"]
[Date "2025.08.26"]
[Round "4"]
[White "Klukin, Kirill"]
[Black "Buksa, Nataliya"]
[Result "1-0"]
[WhiteTitle "IM"]
[BlackTitle "IM"]
[WhiteElo "2401"]
[BlackElo "2400"]
[WhiteFideId "24199273"]
[BlackFideId "14123622"]
[EventDate "2025.08.26"]

1. d4 d5 2. Nf3 Nf6 3. e3 e6 4. Bd3 Bd6 5. b3 b6 6. Bb2 Bb7 7. O-O Nbd7 8. c4
Ne4 9. Nc3 O-O 10. cxd5 exd5 11. Qc2 Qe7 12. Nb5 Rfe8 13. Rac1 a6 14. Nxd6 cxd6
15. Qc7 Rab8 16. Ba3 Rec8 17. Qxb7 Rxc1 18. Qxb8+ Nxb8 19. Rxc1 Qd7 20. Rc2 h6
21. Ne1 g6 22. f3 Nf6 23. Kf2 b5 24. Bb4 Nc6 25. Bd2 Kg7 26. Be2 h5 27. h4 Ne7
28. Nd3 Nf5 29. g3 Qb7 30. Nf4 Qd7 31. Bd3 Kg8 32. Ba5 Qe8 33. Bxf5 gxf5 34. Rc7
Kg7 35. Bb4 Kg8 36. Bxd6 Qd8 37. Be5 Ne8 38. Rc5 Qa5 39. Rc2 f6 40. Bb8 Kf7 41.
Ba7 b4 42. Bc5 Qb5 43. Nxd5 a5 44. Nf4 Nc7 45. d5 Na6 46. Bd4 a4 47. d6 axb3 48.
axb3 Qa5 49. Nxh5 Qa3 50. Rd2 Ke6 51. Nxf6 Nb8 52. d7 Nxd7 53. Nxd7 Qxb3 54.
Nc5+ 1-0

[Event "Titled Tue 26th Aug Early"]
[Site "chess.com INT"]
[Date "2025.08.26"]
[Round "4"]
[White "Arca, Christian Gian Karlo"]
[Black "Lemos, Dawton Almino"]
[Result "1-0"]
[WhiteTitle "FM"]
[BlackTitle "FM"]
[WhiteElo "2407"]
[BlackElo "2172"]
[WhiteFideId "5258138"]
[BlackFideId "2146797"]
[EventDate "2025.08.26"]

1. e4 e6 2. Nc3 c5 3. g3 Nc6 4. Bg2 g6 5. Nge2 Bg7 6. O-O Nge7 7. d3 e5 8. Be3
d6 9. h3 O-O 10. f4 f5 11. Qd2 Be6 12. Rae1 Nd4 13. Nd5 Nxd5 14. exd5 Bd7 15.
fxe5 Nxe2+ 16. Rxe2 Bxe5 17. Bf4 Bxf4 18. Qxf4 Qf6 19. Rfe1 Rae8 20. c3 Rxe2 21.
Rxe2 Re8 22. Rxe8+ Bxe8 23. Qe3 Bd7 24. Kf2 g5 25. a3 a5 26. Kg1 a4 27. Kh2 Kf7
28. Bf3 g4 29. Bg2 h5 30. h4 Kg6 31. Qf4 b5 32. Kg1 Be8 33. Kf2 Bd7 34. Bh1 Bc8
35. Bg2 Bd7 36. Bf1 Bc8 37. Be2 Bd7 38. d4 c4 39. Qe3 Bc8 40. Qe8+ 1-0

[Event "Titled Tue 26th Aug Early"]
[Site "chess.com INT"]
[Date "2025.08.26"]
[Round "4"]
[White "Hejazipour, Mitra"]
[Black "Saydaliev, Saidakbar"]
[Result "0-1"]
[WhiteTitle "WGM"]
[BlackTitle "IM"]
[WhiteElo "2329"]
[BlackElo "2455"]
[WhiteFideId "12505951"]
[BlackFideId "14203693"]
[EventDate "2025.08.26"]

1. e4 c5 2. Nf3 d6 3. d4 cxd4 4. Nxd4 Nf6 5. Nc3 a6 6. Be2 e5 7. Nb3 Be7 8. O-O
O-O 9. Be3 Nbd7 10. a4 b6 11. f3 Bb7 12. Nd5 Nxd5 13. exd5 Bg5 14. Bf2 f5 15. c4
a5 16. Bd3 Nc5 17. Bc2 Nxb3 18. Bxb3 Ba6 19. Qd3 Rc8 20. Ba2 Qc7 21. b3 Rce8 22.
Rae1 Bc8 23. Bb1 g6 24. Be3 Bxe3+ 25. Qxe3 Qc5 26. Kh1 Kg7 27. Qd2 Bd7 28. Re2
f4 29. Qc3 Bf5 30. Bxf5 Rxf5 31. Rb1 Rc8 32. Rc2 Rf7 33. b4 axb4 34. Qxb4 Ra7
35. Qxb6 Rxa4 36. h3 h5 37. Qxc5 Rxc5 38. Rb6 Ra1+ 39. Kh2 h4 40. Rxd6 Rca5 41.
Rd7+ Kh6 42. Re2 Rc1 43. Rd8 Raa1 0-1

[Event "Titled Tue 26th Aug Early"]
[Site "chess.com INT"]
[Date "2025.08.26"]
[Round "4"]
[White "Vahidov, Tair"]
[Black "Fedorov, Artem Alek"]
[Result "1-0"]
[WhiteTitle "GM"]
[BlackTitle "CM"]
[WhiteElo "2296"]
[BlackElo "2093"]
[WhiteFideId "14200155"]
[BlackFideId "34418431"]
[EventDate "2025.08.26"]

1. c4 e6 2. Nc3 d5 3. d4 c5 4. cxd5 exd5 5. Nf3 Nc6 6. g3 Nf6 7. Bg2 cxd4 8.
Nxd4 Bc5 9. Nb3 Bb6 10. O-O d4 11. Na4 O-O 12. Bg5 Re8 13. Nxb6 axb6 14. Re1 h6
15. Bxf6 Qxf6 16. Bxc6 bxc6 17. Qxd4 Qd8 18. Qxd8 Rxd8 19. a3 Be6 20. Nc1 c5 21.
Nd3 Bc4 22. Ne5 Bb3 23. Nf3 Rd6 24. Rac1 Re8 25. Kg2 Rde6 26. Ng1 Rd6 27. Rc3
Ba4 28. b4 Bc6+ 29. f3 cxb4 30. axb4 Bb5 31. Kf2 Rd4 32. Rb1 Ra8 33. Rb2 Ra4 34.
Rc8+ Kh7 35. Rb8 Rd6 36. f4 Kg6 37. Nf3 f6 38. Nh4+ Kf7 39. Nf5 Rd5 40. Rb7+ Bd7
41. Ne3 Rd4 42. Rxb6 g5 43. fxg5 hxg5 44. Rb7 Kg6 45. Rc7 f5 46. Rc4 Rd6 47. Rc5
f4 48. Nc4 Rf6 49. Ne5+ Kg7 50. Nxd7 fxg3+ 51. Kxg3 Rd6 52. Ne5 Rd4 53. Nf3 Re4
54. Rxg5+ Kf6 55. Rg4 1-0

[Event "Titled Tue 26th Aug Early"]
[Site "chess.com INT"]
[Date "2025.08.26"]
[Round "4"]
[White "Dandeniya, D D L N"]
[Black "Kuznecova, Marija"]
[Result "0-1"]
[WhiteTitle "CM"]
[BlackTitle "WFM"]
[WhiteElo "1985"]
[BlackElo "2207"]
[WhiteFideId "29928818"]
[BlackFideId "11618736"]
[EventDate "2025.08.26"]

1. Nf3 c5 2. e4 d6 3. g3 Nf6 4. d3 g6 5. Bg2 Bg7 6. O-O O-O 7. Nbd2 Nc6 8. Re1
Rb8 9. c3 e6 10. d4 cxd4 11. cxd4 d5 12. e5 Nd7 13. Nf1 b5 14. Bg5 Qb6 15. Qd2
b4 16. h4 f6 17. exf6 Nxf6 18. Bf4 Ne4 19. Qe3 Ra8 20. Rad1 Bd7 21. Ne5 Nxe5 22.
dxe5 Nc5 23. Nd2 Rac8 24. Nf3 Na4 25. Qxb6 Nxb6 26. Nd4 Nc4 27. b3 Na3 28. Rc1
Rfe8 29. Bh3 Kf7 30. Bd2 Bf8 31. f4 Bc5 32. Be3 Bxd4 33. Bxd4 Nc2 34. Red1 Nxd4
35. Rxc8 Rxc8 36. Rxd4 Rc1+ 37. Kf2 Rc2+ 38. Kf3 a5 39. h5 Rxa2 40. hxg6+ hxg6
41. g4 Rb2 42. Rd3 Bb5 43. Re3 d4 44. Re4 Rxb3+ 45. Kf2 Rxh3 46. Rxd4 b3 47. Rd2
b2 48. Rxb2 Rh2+ 49. Kg3 Rxb2 50. Kh4 a4 51. Kg5 a3 52. f5 gxf5 53. gxf5 exf5
54. e6+ Kxe6 55. Kh6 a2 56. Kh7 a1=Q 57. Kg8 Rg2+ 58. Kf8 Qh8# 0-1

[Event "Titled Tue 26th Aug Early"]
[Site "chess.com INT"]
[Date "2025.08.26"]
[Round "4"]
[White "Gallasch, Jonas"]
[Black "Materia, Marco"]
[Result "0-1"]
[WhiteTitle "FM"]
[BlackTitle "IM"]
[WhiteElo "2304"]
[BlackElo "2500"]
[WhiteFideId "16222474"]
[BlackFideId "45150451"]
[EventDate "2025.08.26"]

1. Nf3 Nf6 2. e3 d5 3. b3 Bf5 4. Bb2 e6 5. c4 h6 6. Nc3 c6 7. d4 Nbd7 8. Bd3
Bxd3 9. Qxd3 Bb4 10. O-O O-O 11. a3 Bxc3 12. Qxc3 Ne4 13. Qc2 f5 14. Rad1 Rf6
15. Ne5 Nxe5 16. dxe5 Rf7 17. f3 Ng5 18. cxd5 exd5 19. b4 Ne6 20. Qb3 Qb6 21.
Kh1 a5 22. b5 a4 23. Qb4 Rd7 24. g4 c5 25. Qc3 fxg4 26. f4 Qxb5 27. f5 d4 28.
Qd2 Ng5 29. exd4 cxd4 30. e6 Rd5 31. f6 Qc6 32. f7+ Kf8 33. Qg2 Nxe6 34. Rc1 Rc5
35. Rxc5 Qxg2+ 36. Kxg2 Nxc5 37. Bxd4 Ne4 38. Rf4 Nf6 39. Bxf6 gxf6 40. Rxf6 Rc8
41. Rxh6 Rc3 42. Rb6 Rb3 43. Rg6 Rxa3 44. Rxg4 b5 45. Rg5 Rb3 46. h4 a3 47. h5
a2 48. h6 a1=Q 49. h7 Rb2+ 50. Kg3 Qg1+ 51. Kf4 Qd4+ 52. Kf5 Rf2+ 53. Kg6 Qf6+
54. Kh5 Rh2+ 55. Kg4 Rxh7 56. Rg8+ Kxf7 57. Rf8+ Kxf8 0-1

[Event "Titled Tue 26th Aug Early"]
[Site "chess.com INT"]
[Date "2025.08.26"]
[Round "4"]
[White "Tureshbayev, Anuar"]
[Black "Kurpiewski, Slawomir"]
[Result "1-0"]
[WhiteTitle "CM"]
[BlackTitle "CM"]
[WhiteElo "2214"]
[BlackElo "1973"]
[WhiteFideId "651081709"]
[BlackFideId "1114530"]
[EventDate "2025.08.26"]

1. Nf3 f5 2. e3 Nf6 3. b3 d6 4. d4 g6 5. Bb2 Bg7 6. c4 O-O 7. Nbd2 e5 8. dxe5
Ng4 9. c5 Nxe5 10. Nxe5 Bxe5 11. Bxe5 dxe5 12. Nc4 Nc6 13. Be2 Be6 14. O-O Qxd1
15. Rfxd1 Rfd8 16. f3 Kf7 17. Kf2 Ke7 18. a3 Rxd1 19. Rxd1 Rd8 20. Rc1 a6 21.
Rc2 h5 22. h4 Kf6 23. b4 Ne7 24. Rb2 c6 25. Nd6 Rd7 26. a4 Bd5 27. e4 Be6 28. b5
axb5 29. axb5 f4 30. b6 g5 31. hxg5+ Kxg5 32. Ba6 bxa6 33. b7 Rxb7 34. Rxb7 Kf6
35. Ne8+ Kf7 36. Nd6+ Kf6 37. Ra7 Nc8 38. Rxa6 Nxd6 39. cxd6 Bd7 40. Ra8 Ke6 41.
Rh8 Kxd6 42. Rxh5 c5 43. Ke2 Bb5+ 44. Kd2 Bf1 45. Rg5 Ke6 46. Kc3 Kd6 47. Rg6+
Kd7 48. Kb3 Kc7 49. Kc3 Kd7 50. Kd2 Kc7 51. Ke1 Bc4 52. Kf2 Kd7 53. g3 fxg3+ 54.
Kxg3 Be6 55. f4 exf4+ 56. Kxf4 c4 57. Ke5 Bf7 58. Rg7 Ke7 59. Rg3 Bh5 60. Kf5
Bf7 61. Rg7 Ke8 62. e5 Bd5 63. e6 c3 64. Kf6 1-0